Les drapeaux avec du orange - Mort subite - Statistiques

Statistiques générales
  • Ce quiz a été pris 538 fois
  • Le résultat moyen est 4 sur 8
Answers on the Grid
Answers color-coded by a green-red scale on the quiz's grid according to % correct below.
Inde
Irlande
Côte d'Ivoire
Arménie
Bhoutan
Sri Lanka
Niger
Zambie
Eswatini
Kosovo
Montenegro
Sénégal
Azerbaïdjan
Turkmenistan
Sierra Leone
France
Cambodge
Australie
Bosnie-Herzégovine
 
Statistiques - réponses
Réponse % Correct
Inde
70%
Irlande
69%
Côte d'Ivoire
68%
Niger
50%
Sri Lanka
39%
Bhoutan
38%
Zambie
18%
Eswatini
5%
Aucun quiz correspondant
Distribution des résultats
% des personnes avec chaque résultat
Percentile par nombre de réponses
Votre historique - résultats
Vous n’avez pas pris ce quiz